000 00590nam a2200181 a 4500
005 20230601063709.0
008 991125ns.a. mx 000 0 spa u
035 _aUPN01000008284
049 _aLT
050 4 _aLB1584 M6.3
_bM6.2
100 1 _aMonroy Padilla, Heriberto
245 1 0 _aCivismo :
_bpara el uso de los alumnos del III ciclo de la escuela primaria e iniciación secundaria /
_cHeriberto Monroy Padilla
260 _aMéxico :
_bMonroy Padilla,
_cs.a.
300 _a144 p.
650 4 _aCivismo
_xEstudio y enseñanza (Elemental)
_92807
904 _aAC
_b008284
905 _aLibro
999 _c8284
_d8284